000 01285nam0a22002651 4500
001 rc\3548736
005 20260407014740.0
021 _aRU
_bРг5341-71
021 _aRU
_b70-80091
035 _a(NLR Aleph) 007637049
090 _a6085434
_c6085434
100 _a20130115d1970 |||y0rusy50 ca
101 0 _arus
102 _aRU
105 _ay c |||||
200 1 _aВременные указания по изготовлению изделий из поризованных конструктивно-теплоизоляционных бетонов марок до 100 на природных легких заполнителях некоторых месторождений Армянской ССР
_fГос. ком. Совета Министров АрмССР по делам стр-ва. Арм. науч.-исслед. ин-т строит. материалов и сооружений (АИСМ)
210 _aЕреван
_cБ. и.
_d1970
215 _a38 с.
_d20
320 _aБиблиогр.: с. 37
712 0 2 _aАрмянский НИИ стройматериалов и сооружений
_cЕреван
_3RU\NLR\AUTH\8810003144
_9503514
801 0 _aRU
_bNLR
_gpsbo
801 1 _aRU
_bELAR
_2rusmarc
852 _aNLR
_j71-4/4158
942 _cBOOK
980 _aNB